000 00673nam a2200253Ia 4500
003 OSt
005 20220918163156.0
006 a|||||r|||| 00| 0
007 ta
008 220917b |||||||| |||| 00| 0 eng d
020 _a860360164
024 _a28,989
037 _cTextual
040 _aARTS
_cARTS
_beng
041 _2eng
_aeng
082 _aO111,3xN1:g, L7
100 _aMahood M M
_911721
245 0 _aColonial encounter
_b readings of six novels
260 _aLonodn
_bRex Collings UK
_c1977
300 _a211p.
_ccm.
650 _aENGLISH LITERATURE
942 _hO111,3xN1:g, L7
_cTEXL
_2CC
999 _c118182
_d118182